Movie Quotes by Genre: Romance & RomCom - Statistics

General Stats
  • This quiz has been taken 256 times
  • The average score is 4 of 25
Answer Stats
Hint Answer % Correct
I'll have what she's having. When Harry Met Sally
61%
She wants to meet me at the top of the Empire State Building. On Valentine's Day. Sleepless in Seattle
41%
When the ship docks, I'm getting off with you. Titanic
40%
That's my sweetheart in there. Wherever she is, that's where my home is. The Notebook
32%
Pardon me. Sorry to interrupt, but I notice we were both eating alone and I thought perhaps I could sit with you, maybe build a syrup Jacuzzi for your waffle house? 50 First Dates
28%
You had me at "hello." Jerry Maguire
28%
I want the fairy tale. Pretty Woman
25%
Of all the gin joints, in all the towns, in all the world, she walks into mine. Casablanca
24%
This is one time where television really fails to capture the true excitement of a large squirrel predicting the weather. Groundhog Day
18%
I could die right now, Clem. I'm just... happy. I've never felt that before. I'm just exactly where I want to be. Eternal Sunshine of the Spotless Mind
16%
Is that ... Is that hair gel? There's Something About Mary
14%
No. To the pain. The Princess Bride
7%
She gave me a pen. I gave her my heart, and she gave me a pen. Say Anything
6%
But then the morning comes and we turn back into pumpkins, right? Before Sunrise
4%
Actually, Peter, I wanted to tell you, I was listening to Sarah's iPod the other day, and amidst the interminable dross that's on that thing, I found one track that I quite liked. So I checked what it was, and it was actually one of yours, and it kind of reminded me of a dark, gothic Neil Diamond. It's great. Forgetting Sarah Marshall
4%
The making of a great compilation tape, like breaking up, is hard to do and takes ages longer than it might seem. High Fidelity
4%
When you're wondering what to say or how you look, just remember, she's already out with you. That means she said yes when she could have said no. That means she made a plan when she could have just blown you off. So that means it's no longer your job to make her like you. It's your job not to mess it up. Hitch
4%
It can still be a date if you order raisin bran. Silver Linings Playbook
2%
I can go through this door alone. You'll never see me or the people chasing us again, or you can come with me, and I don't know what's on the other side, but you'd be next to me and that's all I've wanted since the minute I met you. The Adjustment Bureau
2%
Since we have been together I have felt more uncomfortable, out of place, embarassed, and just physically sick then I have in my entire life. But I could not have gone through that, I could not have thrown up 19 times in 48 days if I was not in love with you. Along Came Polly
1%
Check one. One-Adam 12, this is ex-tiki dancer ... A Guy Thing
0%
Some cultures are defined by their relationship to cheese. Benny & Joon
0%
I was giving you space. Passengers
0%
Sometimes I take a walk at night and I see couples walking, holding hands and I look at them and I think: "Why not me?" Then I catch my shadow on the wall... Roxanne
0%
This date is not going well. I want to die all over again. Warm Bodies
0%
No matching quizzes found
Score Distribution
Percent of People with Each Score
Percentile by Number Answered
Your Score History
You have not taken this quiz